01524aam a2200373 i 4500003001000000005001700010007000300027008004100030020001800071020001800089040003300107043001200140082001700152100004000169245006300209250002200272264007200294300002800366336002700394337003300421338002800454500007300482650003900555650006600594650006600660650007600726650007300802650004300875650004100918651006900959655002601028655003201054700006401086CO-BoRNBP20241120110257.0ta240219s2023 ck gr 000 f spa d a9786289546637 a9786289546637 aCO-BoUNCbspaerdacCO-BoUNC as-ck---04a863.5bR35mu1 aRincon Parra, Yormaryd1964-eautor10aMúsica para un bolero:bnovela/cYormary Rincón Parra  aPrimera edición 1aVillavicencio, ColombiabCorporación Cultural Entreletras,c2023. a115 páginas ;c23 cm. atextobtxt2rdacontent asin mediaciónbn2rdamedia avolumenbnc2rdacarrier aIncluye perfil académico del autor en la solapa anterior del libro17aNovela colombianaySiglo XXI2LEMB17aViolencia políticaxEn la literaturavNovelas sociales2BNE17aMujeres viudasxEn la literaturavNovelas psicológicas2BNE17aEmociones y sentimientosxEn la literaturavNovelas psicológicas2BNE17aRelaciones interpersonalesxAspectos socialesvNovelas sociales2BNE17aLiteratura colombianaySiglo XXI2LEMB17aAutoras colombianasySiglo XXI2LEMB 7aColombiaxHistoriayPeríodo de la violencia, 1947-1957vNovela 7aNovelas sociales2BNE 7aNovelas psicológicas2BNE1 aCamacho Oviedo, Nayib Donaldod1960-eescritor de prólogo